|
|
|
|
| LEADER |
00686nam a22001697a 4500 |
| 008 |
210216b ||||| |||| 00| 0 mal d |
| 020 |
|
|
|a 8177051849
|
| 082 |
|
|
|2 22
|a 923.25483W1
|
| 100 |
|
|
|a Rajan, E
|
| 245 |
|
|
|a കെ കെ വാരിയർ :
|b ജീവചരിത്രം /
|c ഇ രാജൻ
|
| 246 |
|
|
|a K. K Varier :
|b Jeevacharithram /
|
| 260 |
|
|
|a Thiruvandapuram :
|b Prabhath Books ,
|c 2013.
|
| 300 |
|
|
|a 208p. ,
|c 20cm.
|
| 653 |
|
|
|a Biography
|
| 942 |
|
|
|c BK
|
| 999 |
|
|
|c 355116
|d 355116
|
| 952 |
|
|
|0 0
|1 0
|2 ddc
|4 0
|6 923_000000000000000_25483W1_RAJ_M
|7 0
|9 412022
|a UL
|b UL
|c PROC
|d 2021-02-16
|e Donation -I.G.Bhaskara Panikker Family
|o 923.25483W1 RAJ M
|p G12290
|r 2021-02-16
|v 140.00
|w 2021-02-16
|y BK
|